000 00248nam a2200097Ia 4500
001 744063
005 20250826164251.0
008 250824s9999 xx 000 0 und d
245 0 _aSİHİRBAZ ÇIRAĞI
_cAHMET BAKİ YERLİ
260 _bACAYİP YAYINLARI
999 _c744063
_d744063